00329nam a2200133Ia 4500082001700000100001700017245002000034250000800054260003100062300001500093504001900108650004000127650002800167 a519.52 KIS-; aKish, Leslie 0aSurvey sampling a2nd aNew YorkbJohn Wileyc1965 axvi, 643p. aIncludes index aSampling (Statistics) - Methodology aMathematical statistics